Southville International School and Colleges
Your cart is empty.
  • Cart
  • Lists
    Public lists Eva Luna New books Lux_list list_1
    Your lists Log in to create your own lists
  • Log in to your account
  • Your cookies
  • Search history
Southville International School and Colleges
  • Advanced search
  • Recent comments
  • Most popular
  • Libraries

Log in to your account

Log in with GOOGLE


If you do not have an external account, but do have a local account, you can still log in:

  1. Home
  2. MARC view: I wish I could fly /
Normal view MARC view ISBD view

I wish I could fly / (Record no. 105834)

[ view plain ]
MARC details
000 -LEADER
fixed length control field 00484nam a2200181 a 4500
005 - DATE AND TIME OF LATEST TRANSACTION
control field 20140412111416.0
008 - FIXED-LENGTH DATA ELEMENTS--GENERAL INFORMATION
fixed length control field 070809s19uu xx 00 eng d
020 ## - INTERNATIONAL STANDARD BOOK NUMBER
International Standard Book Number 0-590-42996-5
050 ## - LIBRARY OF CONGRESS CALL NUMBER
Classification number TR(PS) E
Item number Iw9 1986
100 ## - MAIN ENTRY--PERSONAL NAME
Personal name Maris, Ron
245 ## - TITLE STATEMENT
Title I wish I could fly /
Statement of responsibility, etc by Ron Maris.
260 ## - PUBLICATION, DISTRIBUTION, ETC. (IMPRINT)
Place of publication, distribution, etc New York :
Name of publisher, distributor, etc Scholastic,
Date of publication, distribution, etc c1986.
300 ## - PHYSICAL DESCRIPTION
Extent [unp.] : col. , ill. ; cm.
500 ## - GENERAL NOTE
General note fiction
520 ## - SUMMARY, ETC.
Summary, etc Animals
650 ## - SUBJECT ADDED ENTRY--TOPICAL TERM
Topical term or geographic name as entry element Individuality
General subdivision fiction
Holdings
Withdrawn status Lost status Damaged status Use restrictions Home library Current library Shelving location Date acquired Source of acquisition Cost, normal purchase price Total Checkouts Full call number Barcode Date last seen Price effective from Koha item type
        Elizalde Library Elizalde Library Teachers Reference Section 08/09/2007   115.00   TR(PS) E Iw9 1986 E10754 04/12/2014 04/12/2014 Books

I wish I could fly /

APA

Maris R., . (1986). I wish I could fly. New York: Scholastic.

Chicago

Maris Ron, . 1986. I wish I could fly. New York: Scholastic.

Harvard

Maris R., . (1986). I wish I could fly. New York: Scholastic.

MLA

Maris Ron, . I wish I could fly. New York: Scholastic. 1986.

  • Place hold
  • Print
  • Cite
  • Add to your cart (remove)
  • Save record
    BIBTEX Dublin Core MARCXML MARC (non-Unicode/MARC-8) MARC (Unicode/UTF-8) MARC (Unicode/UTF-8, Standard) MODS (XML) RIS
  • More searches
    Search for this title in:
    Other Libraries (WorldCat) Other Databases (Google Scholar) Online Stores (Bookfinder.com) Open Library (openlibrary.org)

Exporting to Dublin Core...

SOUTHVILLE LIBRARY

Southville International School and Colleges Library

1281 Tropical Ave. Cor. Luxembourg St., BF Homes International, Las Pinas City

Tel. No. 8256374 / 252358 Loc. 117/146

Powered by Koha